| 000 | 00889nam a22001577a 4500 | ||
|---|---|---|---|
| 003 | OSt | ||
| 005 | 20151216151148.0 | ||
| 008 | 151216b xxu||||| |||| 00| 0 eng d | ||
| 040 | _cRUA | ||
| 082 | _aAED KEA 2005 B219 Or.1 | ||
| 100 |
_94943 _aKEA, SOPHEA. |
||
| 245 | _aThe effect of disaster on community development program of Lutheran world federation at rolak kang choeung commune oral district kongpong speu province, ឥទ្ធិពលនៃគ្រោះមហន្ដរាយចំពោះការអភិវឌ្ឍន៍សហគមន៍នៃកម្មវិធីរបស់អង្គការលូថេរ៉ានបំរើពិពលោកនៅឃុំរលាក់កងជើង ស្រុកឱរ៉ាល់ ខេត្តកំពងស្ពឺ | ||
| 260 |
_aPhnom Penh _bRUA _c2005 |
||
| 300 |
_aviii; 51p. _bill. _c29cm. |
||
| 942 |
_2ddc _cAED |
||
| 999 |
_c4591 _d4591 |
||